| 000 | 01166cam a2200277 a 4500 | ||
|---|---|---|---|
| 003 | dpl | ||
| 005 | 20231213155858.0 | ||
| 008 | 080828t xxu||||| |||| 00| 0 eng d | ||
| 010 | _aB-756046-050 | ||
| 020 |
_a9788183821742 _c250.00 |
||
| 035 | _aB-756046-050 | ||
| 037 | _bLotus Press | ||
| 040 |
_aDPL _bEnglish _c0 |
||
| 082 | _a646.7 | ||
| 100 |
_aKapoor, Vimal _959242 |
||
| 245 |
_aArt of successful living / _cby Vimal Kapoor |
||
| 260 |
_aNew Delhi _bLotus Press _c2023 |
||
| 270 |
_a4735/22 , Prakash Deep Building Ansari Road, Darya Ganj, _bNew Delhi _e110002 |
||
| 300 |
_a176 p.: _c22cm (pbk) |
||
| 520 | _aContributed papers presented at a seminar organized by Centre for Central Eurasian Studies, University of Mumbai in February-March 2005. | ||
| 650 |
_aHealth _959243 |
||
| 650 |
_aSuccess _xReligious aspects _959244 |
||
| 650 |
_aSuccess _xPsychological aspects _959245 |
||
| 942 |
_2ddc _cEN _mKAP _h646.7 |
||
| 999 |
_c199335 _d199335 |
||